|
|
|
|
| LEADER |
00000nam a22000007a 4500 |
| 005 |
20140325183133.0 |
| 007 |
cr|||| |||| |
| 008 |
140325s2014 mx |||||s|||| 00||0 spa d |
| 020 |
|
|
|a 978-607-406-650-0
|
| 035 |
|
|
|a 11831
|
| 040 |
|
|
|a vLex
|
| 090 |
|
|
|c 4733
|d 4733
|
| 100 |
1 |
|
|a Sǹchez Miranda, Arnulfo
|
| 245 |
1 |
0 |
|a Aplicacin̤ practica del ISR.
|h [Recurso electrn̤ico] :
|b Personas Fs̕icas 2014 /
|c Arnulfo Sǹchez Miranda
|
| 256 |
|
|
|a Servicio en ln̕ea
|
| 260 |
|
|
|a [Mx̌ico D.F.] :
|b Ediciones Fiscales ISEF,
|c 2014
|
| 300 |
|
|
|a 1 recurso electrn̤ico
|
| 506 |
1 |
|
|a Contenido solo disponible en los productos indicados
|d vLex Global
|d vLex Global (Academic Edition, excluding Law Schools)
|d vLex Global (U.S. Academic Edition, Law Schools)
|d vLex Global (U.S. Academic Edition, excluding Law Schools)
|d vLex Global (Academic Edition, Law Schools)
|
| 650 |
0 |
4 |
|a Impuesto sobre la renta
|z Mx̌ico
|
| 650 |
0 |
4 |
|a Impuestos
|z Mx̌ico
|
| 740 |
0 |
|
|a vLex Libros (Servicio en ln̕ea)
|
| 856 |
4 |
0 |
|u http://vlex.com/source/aplicacion-practica-del-isr-personas-fisicas-2014-11831
|z Acceso restringido
|
| 942 |
|
|
|c BOOK
|
| 999 |
0 |
|
|a Income tax
|
| 999 |
0 |
|
|a Taxation
|